Thames and Hudson manual of professional photogaphy (Record no. 25766)

MARC details
000 -LEADER
fixed length control field 00299nam a2200109Ia 4500
082 ## - DEWEY DECIMAL CLASSIFICATION NUMBER
Classification number 077
Item number GOT
100 ## - MAIN ENTRY--AUTHOR NAME
Personal name Gotlop, Philip
245 #0 - TITLE STATEMENT
Title Thames and Hudson manual of professional photogaphy
260 ## - PUBLICATION, DISTRIBUTION, ETC. (IMPRINT)
Place of publication London
Name of publisher Thames and Hudson
Year of publication 1973
942 ## - ADDED ENTRY ELEMENTS (KOHA)
Koha item type Books
Holdings
Withdrawn status Lost status Damaged status Not for loan Home library Current library Date acquired Cost, normal purchase price Full call number Accession Number Koha item type
        RRII Library RRII Library 16/12/2021 2.00 077 GOT 06418 Books